Ngôn ngữ lập trình Asssembly và máy vi tính IBM - PC T.2
Trình bày những cơ sở lập trình bằng ngôn ngữ Assembly. Đề cập đến các chủ đề nâng cao
Đã lưu trong:
| Tác giả chính: | |
|---|---|
| Định dạng: | Sách |
| Năm xuất bản: |
H.
Giáo dục
1995
|
| Chủ đề: | |
| Tags: |
Thêm thẻ
Không có thẻ, Hãy là người đầu tiên gắn thẻ bản ghi này!
|
| LEADER | 00812nam a2200169 4500 | ||
|---|---|---|---|
| 082 | |a 005.133 |b Y523Y | ||
| 100 | |a Yu, Ytha | ||
| 245 | |a Ngôn ngữ lập trình Asssembly và máy vi tính IBM - PC |c Yu, Ytha |n T.2 | ||
| 260 | |a H. |b Giáo dục |c 1995 | ||
| 300 | |a 699 tr. |c 26 cm | ||
| 520 | |a Trình bày những cơ sở lập trình bằng ngôn ngữ Assembly. Đề cập đến các chủ đề nâng cao | ||
| 653 | |a Ngôn ngữ lập trình | ||
| 653 | |a Ngôn ngữ Assembly | ||
| 942 | |2 ddc |c STK0 | ||
| 999 | |c 9762 |d 9762 | ||
| 952 | |0 0 |1 0 |2 ddc |4 0 |6 005_133000000000000_Y523Y |7 0 |8 000 |9 76924 |a qbu |b qbu |c D2 |d 2015-06-09 |o 005.133 Y523Y |p 7361.c1 |r 0000-00-00 |w 2015-06-09 |y STK0 | ||
| 952 | |0 0 |1 0 |2 ddc |4 0 |6 005_133000000000000_Y523Y |7 0 |8 000 |9 76925 |a qbu |b qbu |c D2 |d 2015-06-09 |o 005.133 Y523Y |p 7361.c2 |r 0000-00-00 |w 2015-06-09 |y STK0 | ||